Letter Grid Logic Puzzle (A-Y) Quiz Stats

Quiz Updated May 1, 2015

Challenge
Share
Tweet
Score 0/25 Timer 20:00
17 Plays Today
cell % Correct


8


???
100%


18


???
78.2%


21


???
44.2%


25


???
38.6%


1


???
32.9%


17


???
27.7%


5


???
26.5%


19


???
23.4%


20


???
22.3%


12


???
21.2%


16


???
20.9%


22


???
20.5%


23


???
15.9%
cell % Correct


11


???
15.6%


24


???
15%


14


???
14.4%


6


???
13.8%


7


???
12.5%


13


???
11.6%


15


???
10.2%


10


???
10.2%


2


???
8.5%


3


???
8.3%


4


???
8%


9


???
7.4%

You're not logged in!

Compare scores with friends on all Sporcle quizzes.
Join for Free
OR
Log In

You Might Also Like...

Show Comments

Extras

Top Quizzes Today


Score Distribution

Your Account Isn't Verified!

In order to create a playlist on Sporcle, you need to verify the email address you used during registration. Go to your Sporcle Settings to finish the process.

Report this User

Report this user for behavior that violates our Community Guidelines.

Details: